• 首页
  • 本馆介绍
  • 公告通知
  • 最新文献
  • 馆藏检索
  • 电子资源
  • 读者导购
  • 参考咨询
  • 我的图书馆
  • 登录
  • 详细信息显示
  • 放入我的书架
  • 预约/预借图书
  • 作者相关作品
  • 分类相关作品
  • 丛书相关作品
  • 出版社相关作品

书目信息

  • 表格格式
  • 工作单格式
  • 卡片格式
题名:
现代C语言程序设计教程
    
 
作者: 徐德民 编著
分册:  
出版信息: 天津   南开大学出版社  1994.5
页数: 258页
开本: 26cm
丛书名: 计算机技术教育丛书
单 册:
中图分类: TP312C , TP311.11
科图分类:
主题词: C语言-程序设计--教材 , 程序设计-C语言--教材
电子资源:
ISBN: 7-310-00682-8
000 00875nam2 2200277 45
001 0194035328
005 20061122152650.34
010    @a7-310-00682-8@dCNY12.50
100    @a19940728d1994 em y0chiy0121 ea
101 0  @achi
102    @aCN@b120000
105    @ay z 000yy
200 10 @a现代C语言程序设计教程@AXIAN DAI C YU YAN CHENG XU SHE JI JIAO CHENG@f徐德民编著@FXU DE MIN BIAN ZHU
210    @a天津@c南开大学出版社@d1994.5
215    @a258页@d26cm
225 2  @a计算机技术教育丛书
314    @a徐德民,天津大学任教
330    @a本书包括:运算和运算表达式、流程控制、函数、编译和分割编译等10章。
410  0 @120010@a计算机技术教育丛书
606    @aC语言-程序设计@x教材
606    @a程序设计-C语言@x教材
690    @aTP312C@v三版
690    @aTP311.11@v3
701  0 @a徐德民@AXU DE MIN@4编著
801  0 @aCN@bTSSF@c20061122
905    @a10447@dTP311.11@e84
    
    现代C语言程序设计教程/徐德民编著.-天津:南开大学出版社,1994.5
    258页;26cm.-(计算机技术教育丛书)
    
    
    ISBN 7-310-00682-8:CNY12.50
    本书包括:运算和运算表达式、流程控制、函数、编译和分割编译等10章。
●
相关链接 在E读中查询图书 在五车中查询图书 在当当中查询图书 在豆瓣中查询图书


正题名:现代C语言程序设计教程     索取号:TP311.11/84         预约/预借

序号 登录号 条形码 馆藏地/架位号 状态 备注
1 0258886   001337011   第二样本阅览室/ [索取号:TP311.11/84] 在馆    
唐山师范学院图书馆 欢迎您!
大连网信软件有限公司© 版权所有